Регионална библиотека "Любен Каравелов" - Русе

Кръглата маса от 1990 г.: Основополагащ акт на българската демокрация? (Запис номер 146117)

MARC детайли
000 -Лидер
Контролно поле с фиксирана дължина 01943nam a2200409 c 4500
003 - Код на организацията, давaща контролен номер
Контролно поле BLK
005 - Дата и час на последна редакция
Контролно поле 20250128005513.0
008 - Елементи от данни с фиксирана дължина
fixed length control field 180410b bul|||||r ||||||| ||bul||
010 ## - Наследен системен номер
LC control number KNG00152303000
020 ## - Международен стандартен номер на книга ISBN
Международен стандартен номер на книга ISBN 978-954-07-3349-4
-- издат.: Унив. изд. Св. Климент Охридски
040 ## - Източник на каталожния запис
Идентификатор на билиотеката - собственик на записа BLK
041 ## - Код за език
Код за езика на текст/звукозапис или на отделно заглавие Български
Код за езика КДБФ Български
072 #7 - Код за тематичната категория
Код организация bullib
Код за тематична категория Н32
Текст Политика Н
080 ## - УДК
Текстов определител УДК Вътрешна политика. Вж и 329
УДК код - определител по УДК 323
УДК определител (497.2)(063)
УДК - код + определител 323(497.2)(063)
139 ## - Редно поле
Редна дума Кръглата маса от 1990 г.: Основополагащ акт на българската демокрация?
Авторски знак Кръ - К 92
245 10 - Сведения за заглавието
Заглавие Кръглата маса от 1990 г.: Основополагащ акт на българската демокрация?
Подзаглавни данни Докл. и изказвания на Междунар. колоквиум 10-11 май 2010
Редно поле (дума) състав. Франсоа Фризон-Рош.
246 11 - Различни форми на заглавието
Паралелно заглавие La Table ronde nationale de 1990. Acte fondateur de la democratie bulgare?
257 ## - Страна на издаване
Страна на създаване/издаване България
260 ## - Област на издателските данни
-- София
Име на издателя, разпространителя и проч. Унив. изд. Св. Климент Охридски
Година на издаване 2012
300 ## - Физическа характеристика
Страници 172 с.
Илюстрации и др. с ил., портр.
Размери/Мащаб 24 см
380 ## - Жанр
Жанр Обществени науки
500 ## - Общи забележки
Забележка Библиогр. под линия
650 #4 - Допълнително описание по предмет – тема
Основно описание – тема или топоним Преход от тоталитаризъм към демокрация - България
9 (RLIN) 245662
650 #0 - Допълнително описание по предмет – тема
Основно описание – тема или топоним България - вътрешна политика
9 (RLIN) 241559
651 #4 - Допълнително описание по предмет - топоним
Географско понятие България
9 (RLIN) 241624
653 ## - Ключова дума – ненормативна
Ключова дума комунистическа идеология
653 ## - Ключова дума – ненормативна
Ключова дума демокрация
653 ## - Ключова дума – ненормативна
Ключова дума кръгла маса
659 ## - Тематичен бюлетин
Тематичен бюлетин Н
700 1# - Други автори (авторска отговорност)
Лично име Фризон-Рош, Франсоа
Автороска отговорност (Описва отношението между автора и произведението) състав.
9 (RLIN) 329029
852 ## - Местоположение
Форматна сигнатура Цб 266030
856 4# - Електронен адрес и достъп
Електронен формат pdf - файл
Път до файла /url/
856 4# - Електронен адрес и достъп
Електронен формат pdf - файл
Път до файла /url/
942 ## - АРТИКУЛИ
Вид на библиотечния материал Книги
Скрит в OPAC Не
944 ## - СЪЗДАВАНЕ И РЕДАКЦИЯ на ЗАПИСА
Създаване/Редакция Създаване
Дата на регистрацията/редакция 23.10.2013
Служител, извършил регистрацията/редакцията
Статус, дата на статуса CRON CRON
944 ## - СЪЗДАВАНЕ И РЕДАКЦИЯ на ЗАПИСА
Създаване/Редакция Редакция
Дата на регистрацията/редакция 30.05.2016
Служител, извършил регистрацията/редакцията Пенка_Димитрова
999 ## - СИСТЕМНИ КОНТРОЛНИ НОМЕРА
Koha biblionumber 146117
Koha biblioitemnumber 146117
Наличности
Код за отписване Код за изгубен артикул Код за повреда Коз за рестрикции Код за отдаване Артикулен № Име на библиотеката - собственик Име на библиотеката, в която се намира в момента Статус (Текущо местоположение) Дата на вписване в системата Местоположение - отдел Цена в лева Инвентарен номер Систематично азбучна сигнатура Баркод Номер на екземпляра Цена в евро Служебна бележка Служебен тип на артикула
  Не е изгубен Не е повреден без рестрикции ползва се в читалня 242683 Регионална библиотека "Любен Каравелов" Русе Регионална библиотека "Любен Каравелов" Русе Хранилище 2013-10-24 Хранилище 15.00 120000771089 Цб 266030 120000771089 1 7.67 Дост: Dp Вид: Д N: 39 Дата: 24.09.2012 Книги
  Не е изгубен Не е повреден без рестрикции заемане за дома 242684 Регионална библиотека "Любен Каравелов" Русе Регионална библиотека "Любен Каравелов" Русе Заемна - подръчен фонд 2016-05-30 Заемна - подръчен фонд 11.25 120000800433 П 323/К 92 120000800433 2 5.75 Дост: Pk Вид: Ф N: 13086 Дата: 27.05.2016 Дата инв: 02.02.2018 Бележки инв: П2018 Книги
Vip Innovations Ltd, Rousse, Bulgaria 2025